000 00735nam a22002057a 4500
999 _c20262
_d20262
003 AR-CdUCM
008 190528b ||||| |||| 00| 0 spa d
040 _aMUNICIPALIDAD PROVINCIAL DEL CUSCO
_cBIBLIOTECA MUNICIPAL DEL CUSCO
082 _23ed.
_a510 /
_bM28
100 _aMataix Aracil, Carlos
_937151
245 _aGeometría analítica :
_bElementos de matemáticas superiores /
260 _aMadrid :
_bDossat,
_c1961.
300 _a237 páginas ;
_c20 cm.
505 _aContenido : Figuras de primera categoría -- Formas planas -- Curvas planas...
650 _aElementos simples de geometría
_942346
650 _aFormas geométricas
_942347
650 _aSeries rectilíneas
_942348
942 _2ddc
_cLIBROS
945 _aandy